| 000 | 00795nam a2200241Ia 4500 | ||
|---|---|---|---|
| 999 |
_c36113 _d36113 |
||
| 001 | 2013 | ||
| 003 | GE_BSU | ||
| 005 | 20221010160553.0 | ||
| 008 | 181216s2006ru xx |||||||||||||| ||rus|| | ||
| 020 | _a5980327886 | ||
| 040 | _cGE_BSU | ||
| 041 | _arus | ||
| 080 | _a343.13(035) Б-39 | ||
| 100 |
_aБезлепкин, Борис _915202 |
||
| 245 |
_aСправочник адвоката по уголовному процессу / _cБорис Безлепкин. |
||
| 260 | _aИзд. 2-е, перераб. и. доп. | ||
| 264 |
_aМосква : _bПроспект, _c2006. |
||
| 300 | _a688 стр.: | ||
| 541 | _h25л. | ||
| 653 | _aСправочник адвоката по уголовному процессу | ||
| 653 | _aსამართალი | ||
| 942 |
_cBK _2udc |
||